Statistiken für Europäische Hauptstädte, die mit einem Konsonanten beginnen und enden

Klicken Sie hier um das Quiz zu spielen!

Allgemein

  • Dieses Quiz wurde 731 mal gespielt
    (721 seit der letzten Aktualisierung)
  • Das Durchschnittsergebnis liegt bei 20 aus 25

Antwortstatistiken

Hauptstadt% Korrekt
Berlin
97%
Madrid
91%
Bern
90%
Lissabon
89%
London
88%
Stockholm
88%
Budapest
86%
Wien
86%
Bukarest
85%
Brüssel
84%
Paris
84%
Prag
82%
Rom
82%
Dublin
80%
Tallinn
80%
Kopenhagen
76%
Minsk
75%
Vilnius
75%
Zagreb
74%
Luxemburg
72%
Vaduz
72%
Kiew
71%
Reykjavik
70%
Belgrad
65%
Vatikanstadt
63%

Verteilung der Resultate

Perzentil nach korrekt beantworteten Fragen

Anzahl Personen mit jedem Resultat

Ihre Resultats-Entwicklung

Sie haben dieses Quiz seit der letzten Aktualisierung nicht gespielt